000 00969nas a2200301 4500
001 BR0801821
003 BR-BrBNA
005 20231205111833.0
007 ta
008 230509b bl.|||p| |||| 00| 00por d
040 _aBR-BrBNA
_bpor
_cBiblioteca Nacional de Agricultura
041 _a(Pt)
072 _aF03; F02
100 1 _aNaves, R.V.N.
100 1 _aRocha, M.R. da
100 1 _aBorges, J.D.
100 1 _aCarneiro, I.F.
100 1 _aTiveron Filho, D.
100 1 _aSouza, E.R.B. de
245 1 _aAvaliação da emergência de plântulas de espécies frutíferas nativas do cerrado goiano
650 _aFRUTA TROPICAL
650 _aSEMENTE
650 _aPROPAGAÇÃO VEGETATIVA
650 _aCERRADO
773 0 _tAnais da Escola de Agronomia e Veterinária - Universidade Federal de Goiás (Brazil)
_xISSN 0100-218X
_g(Jan 1991-Dec-1992), v. 21-22 p. 133-141
_wBR0801821
909 _a202311
_bLúcia
_c55
_dLúcia Elande
942 _2AGRIS
_n0
_cANA
999 _c194734
_d194734